000 00321nam a22001457a 4500
008 230419b ||||| |||| 00| 0 eng d
020 _a9780521886734
041 _aeng
080 _a37
082 _a37BRI
100 _a23
101 _aEDU
245 _aTHE COMMENT CLAUSE IN ENGLISH
_cBRINTON.J.L
942 _2udc
_cBK
999 _c59600
_d59600